000 01036nam a2200217 a 4500
001 BRCA_8984
005 20190320210500.0
008 110717s1774----sp-#######---#000-0#spa-#
041 _aspa
044 _asp
084 _aBE115
_b.A56 1774
245 1 0 _aAño christiano, o exercicios devotos para todos los días del año
_bcontiene la explicación del misterio ò la vida del Santo correspondiente à cada día; algunas Reflexiones sobre la Epístola; una Meditación después del Evangelio de la Misa, y algunos Exercicios prácticas de devoción, ò Propósitos adaptables à todo género de personas: fielmente traducido del francés en castellano.
260 _aMadrid
_bPor Joachin Ibarra
_c1774
300 _a656 p.
_c21 x 16 cm
500 _aCon las licencias necesarias
500 _aEstado físico: presenta encuadernación en pergamino con semi lomo desprendido y carece de cintas
505 0 _aContenido: Septiembre
650 1 4 _aEjercicios devotos
_yObras anteriores a 1800
_922265
902 _aCFM
942 _2lcc
_cB
999 _c8635
_d8635